|
|
|
|
| LEADER |
00000nam0a2200000 4500 |
| 001 |
323406 |
| 005 |
20231102003552.0 |
| 035 |
|
|
|a (RuTPU)RU\TPU\book\348991
|
| 035 |
|
|
|a RU\TPU\book\68819
|
| 090 |
|
|
|a 323406
|
| 100 |
|
|
|a 20161018d1980 m y0rusy50 ca
|
| 101 |
0 |
|
|a rus
|
| 102 |
|
|
|a RU
|
| 105 |
|
|
|a a j 000zy
|
| 200 |
1 |
|
|a Черчение и рисование
|e учебник для строительных техникумов
|f А. Ф. Кириллов
|
| 205 |
|
|
|a 3-е изд., перераб. и доп.
|
| 210 |
|
|
|a Москва
|c Высшая школа
|d 1980
|
| 215 |
|
|
|a 375 с.
|c ил.
|
| 606 |
1 |
|
|a Техническое черчение
|2 stltpush
|3 (RuTPU)RU\TPU\subj\60140
|9 77629
|
| 606 |
1 |
|
|a Рисование техническое
|2 stltpush
|3 (RuTPU)RU\TPU\subj\25242
|9 49445
|
| 610 |
1 |
|
|a начертательная геометрия
|
| 610 |
1 |
|
|a плоскости
|
| 610 |
1 |
|
|a аксонометрия
|
| 610 |
1 |
|
|a проекции
|
| 610 |
1 |
|
|a машиностроительное черчение
|
| 610 |
1 |
|
|a пружины
|
| 610 |
1 |
|
|a строительное черчение
|
| 610 |
1 |
|
|a чертежи
|
| 675 |
|
|
|a 744(075.32)
|v 4
|
| 675 |
|
|
|a 741(075.32)
|v 4
|
| 700 |
|
1 |
|a Кириллов
|b А. Ф.
|g Александр Феофанович
|
| 801 |
|
1 |
|a RU
|b 63413507
|c 20040609
|g PSBO
|
| 801 |
|
2 |
|a RU
|b 63413507
|c 20171128
|g PSBO
|
| 900 |
|
|
|a Начертательная геометрия и технический рисунок
|
| 942 |
|
|
|c BK
|